00484 2200193 4500001002100000005001500021035002000036007000300056008004100059020002200100082000800122084001400130100001400144245002400158250001100182260004800193300003200241650001700273INLIS00000000000115020210928082408 a0010-0921000049ta210928 d f ind  a978-602-06-3952-9 a813 a813 TER s0 aTere Liye1 aSelena /cTere Liye acet. 6 aJakarta :bPT Gramedia Pustaka Utama,c2020 a368 hlm. ;c13,5 cm x 20 cm anovel remaja